| 000 | 00913nam a2200277Ia 4500 | ||
|---|---|---|---|
| 008 | 160319s9999 xx 000 0 und d | ||
| 020 | _a9789715083492 | ||
| 050 | _aFil 959.9 | ||
| 050 | _bR336 2009 | ||
| 245 | _aRegional profiles : | ||
| 245 | _b people and places / | ||
| 245 | _ceditors : Emelina S. Almario, Virgilio S. Almario, and Ani Rosa S. Almario. | ||
| 260 | _aQuezon City : | ||
| 260 | _bAdarna House Inc. | ||
| 260 | _c2009 | ||
| 300 | _a203 pages : | ||
| 300 | _billustrations : | ||
| 300 | _c30 cm. | ||
| 500 | _aIncludes bibliographical references and index. | ||
| 650 | _aPhilippines -- Description and travel. | ||
| 650 | _aPhilippines -- Economic conditions. | ||
| 650 | _aPhilippines -- Provinces and regions. | ||
| 700 | _aAlmario, Ani Rosa S., added author. | ||
| 700 | _aAlmario, Emelina S., added author. | ||
| 700 | _aAlmario, Virgilio S., 1944-, added author. | ||
| 999 |
_c292342 _d292342 |
||